Detalles MARC
| 000 -Cabecera |
| Campo de control de longitud fija |
01328aam a2200397 4500 |
| 005 - Fecha y hora de la última transacción |
| Campo de control |
20251120144706.0 |
| 008 - Elementos de longitud fija--Información general |
| Campo de control de longitud fija |
150423b2005 xxu||||| |||| 00| 0 spa d |
| 020 ## - International Standard Book Number |
| Número Internacional Estándar del Libro (ISBN) |
9702605997 |
| 041 ## - Idioma |
| Código de idioma |
Español |
| 082 ## - Clasificación Decimal Dewey |
| Número de clasificación |
658.562 AL374m |
| 100 ## - Entrada principal--Autor personal |
| Nombre personal |
Alexander Servat, Alberto |
| 9 (RLIN) |
23145 |
| 245 ## - Título propiamente dicho |
| Título |
Calidad: metodología para documentar el ISO 9000 versión 2000 |
| 260 ## - Pie de imprenta |
| Lugar de publicación, distribución, etc. |
México |
| 260 ## - Pie de imprenta |
| Nombre del editor, distribuidor, etc. |
Pearson |
| 260 ## - Pie de imprenta |
| Fecha de publicación, distribución, etc. |
2005 |
| 300 ## - Descripción física |
| Extensión |
188 páginas |
| 490 ## - Serie |
| Título de la Serie |
Dirección y Administración de Empresas |
| 650 ## - Materia general |
| Temática (materia general) |
CONTROL DE CALIDAD |
| 650 ## - Materia general |
| Temática (materia general) |
SISTEMA DE GESTIÓN DE LA CALIDAD |
| 650 ## - Materia general |
| Temática (materia general) |
FAMILIA ISO 9000 |
| 650 ## - Materia general |
| Temática (materia general) |
DOCUMENTACIÓN PARA LA CALIDAD |
| 650 ## - Materia general |
| Temática (materia general) |
PARÁMETROS PARA LA ELABORACIÓN DE LA DOCUMENTACIÓN |
| 650 ## - Materia general |
| Temática (materia general) |
POLÍTICA DE CALIDAD |
| 650 ## - Materia general |
| Temática (materia general) |
MANEJO DEL PRODUCTO NO CONFORME |
| 650 ## - Materia general |
| Temática (materia general) |
REDACCIÓN DE PROCEDIMIENTOS |
| 650 ## - Materia general |
| Temática (materia general) |
ORGANIZACIÓN ESTRATÉGICA |
| 650 ## - Materia general |
| Temática (materia general) |
ESTRATEGIA PARA DOCUMENTAR PROCEDIMIENTOS |
| 650 ## - Materia general |
| Temática (materia general) |
METODOLOGÍA DE TRECE PASO PARA DOCUMENTAR PROCEDIMIENTOS |
| 650 ## - Materia general |
| Temática (materia general) |
LINEAMIENTOS PARA EL DESARROLLO DE MANUALES DE CALIDAD ISO10013 |
| 650 ## - Materia general |
| Temática (materia general) |
NORMA ISO 9001:2000 |
| 650 ## - Materia general |
| Temática (materia general) |
NORMA ISO 14001: 1996 |
| 650 ## - Materia general |
| Temática (materia general) |
SISTEMA DE CALIDAD |
| 650 ## - Materia general |
| Temática (materia general) |
PROYECTO DE DOCUMENTACIÓN |
| 650 ## - Materia general |
| Temática (materia general) |
PROCEDIMIENTOS |
| 942 ## - Punto de acceso adicional KOHA |
| Tipo de ítem KOHA |
Libro |
| Fuente del sistema de clasificación o colocación |
Dewey Decimal Classification |